[Event "BCF-chT3 0102 (4NCL)"]
[Site "Birmingham"]
[Date "2002.01.20"]
[Round "6.8"]
[White "Patel, Sunena"]
[Black "Wilson, Julie Christine"]
[Result "0-1"]
[WhiteElo "1224"]
[BlackElo "1648"]
[PlyCount "84"]
[EventDate "2001.09.??"]
[EventType "team"]
[EventRounds "11"]
[EventCountry "ENG"]
[SourceTitle "EXT 2003"]
[Source "ChessBase"]
[SourceDate "2002.11.25"]
[SourceVersion "1"]
[SourceVersionDate "2002.11.25"]
[SourceQuality "1"]
[WhiteTeam "Guildford III"]
[BlackTeam "SW Dragons II"]
[WhiteTeamCountry "ENG"]
[BlackTeamCountry "ENG"]

1. e4 e6 2. d3 d5 3. Nd2 c5 4. Ngf3 Nc6 5. g3 Bd6 6. Bg2 Nge7 7. 0-0 0-0 8. Re1 Ng6 9. Nf1 d4 10. c3 e5 11. cxd4 cxd4 12. N3d2 Bd7 13. a3 Rc8 14. Nc4 Be7 15. b4 b5 16. Nb2 Be6 17. Bd2 Qd7 18. Rc1 a5 19. bxa5 Bxa3 20. Rb1 Qa7 21. Qe2 Nxa5 22. Bxa5 Qxa5 23. Ra1 Qc3 24. Reb1 Qc5 25. f3 Bb3 26. Nd1 Bc2 27. Rxb5 Qxb5 28. Rxa3 Qb4 29. Ra1 Bb3 30. Qb2 Rc2 31. Qa3 Qxa3 32. Rxa3 Rb8 33. Nf2 Be6 34. Bh3 Rxf2 35. Kxf2 Bxh3 36. g4 Rb2+ 37. Ke1 Rb1+ 38. Kd2 Rxf1 39. Kc2 h6 40. Kb3 Rxf3 41. Kc4 Bxg4 42. Ra5 Be6+ 0-1

[Event "BCF-chT3 0102 (4NCL)"]
[Site "Birmingham"]
[Date "2001.11.25"]
[Round "4.8"]
[White "Patel, Sunena"]
[Black "Miller, Naomi"]
[Result "0-1"]
[WhiteElo "1224"]
[BlackElo "1344"]
[PlyCount "60"]
[EventDate "2001.09.??"]
[EventType "team"]
[EventRounds "11"]
[EventCountry "ENG"]
[SourceTitle "EXT 2003"]
[Source "ChessBase"]
[SourceDate "2002.11.25"]
[SourceVersion "1"]
[SourceVersionDate "2002.11.25"]
[SourceQuality "1"]
[WhiteTeam "Guildford III"]
[BlackTeam "South County Stars"]
[WhiteTeamCountry "ENG"]
[BlackTeamCountry "ENG"]

1. e4 c5 2. d4 cxd4 3. c3 dxc3 4. Nxc3 Nc6 5. Nf3 e6 6. a3 Nge7 7. Bf4 Ng6 8. Bg3 Bc5 9. Nb5 0-0 10. Be2 Bb6 11. 0-0 d5 12. exd5 exd5 13. Re1 a6 14. Nbd4 f5 15. h3 f4 16. Bh2 Nh4 17. Qd2 Nxd4 18. Nxd4 Qg5 19. Bg4 Bxg4 20. hxg4 Qxg4 21. f3 Nxf3+ 22. Kh1 Nxd2 23. Rad1 Bxd4 24. Rxd2 f3 25. gxf3 Qxf3+ 26. Rg2 Rf6 27. Rc1 Rg6 28. Rcc2 Qf1+ 29. Rg1 Rxg1+ 30. Bxg1 Qxg1# 0-1